Hỏi & đáp tâm lý học đại cương Dùng cho học viên và sinh viên các trường đại học, cao đẳng

Gồm các câu hỏi và trả lời về nội dung của môn tâm lý học đại cương giúp khái quát, hệ thống các kiến thức, nội dung cơ bản của môn học.

Enregistré dans:
Détails bibliographiques
Auteur principal: Nguyễn, Thị Huệ
Autres auteurs: Lê, Minh Nguyệt
Format: Livre
Langue:Undetermined
Publié: H. Đại học Quốc gia Hà Nội 2010
Sujets:
Accès en ligne:http://lrc.tdmu.edu.vn/opac/search/detail.asp?aID=2&ID=14302
Tags: Ajouter un tag
Pas de tags, Soyez le premier à ajouter un tag!
Thư viện lưu trữ: Trung tâm Học liệu Trường Đại học Thủ Dầu Một
LEADER 01069nam a2200229Ia 4500
001 TDMU_14302
008 210410s9999 xx 000 0 und d
082 |a 150.76 
090 |b NG527 
100 |a Nguyễn, Thị Huệ 
245 0 |a Hỏi & đáp tâm lý học đại cương 
245 0 |b Dùng cho học viên và sinh viên các trường đại học, cao đẳng 
245 0 |c TS. Nguyễn Thị Huệ(chủ biên), ThS. Lê Minh Nguyệt 
260 |a H. 
260 |b Đại học Quốc gia Hà Nội 
260 |c 2010 
300 |a 154tr. 
520 |a Gồm các câu hỏi và trả lời về nội dung của môn tâm lý học đại cương giúp khái quát, hệ thống các kiến thức, nội dung cơ bản của môn học. 
650 |a Tâm lý học  |x Đại cương  |v Hỏi & đáp 
700 |a Lê, Minh Nguyệt 
856 |u http://lrc.tdmu.edu.vn/opac/search/detail.asp?aID=2&ID=14302 
980 |a Trung tâm Học liệu Trường Đại học Thủ Dầu Một